| 000 | 01038nam a22002295i 4500 | ||
|---|---|---|---|
| 001 | 153785 | ||
| 003 | ES-MaACL | ||
| 005 | 20250827062633.0 | ||
| 008 | 990520s1879 sp |||| | spa d | ||
| 110 | 1 |
_aEspaña _93622 |
|
| 240 | 1 | 0 | _aLeyes, etc., hipotecarias |
| 245 | 1 | 0 |
_aNovísima legislación hipotecaria de España : _bcomprende la exposición sobre los motivos y fundamentos de la Ley hipotecaria de 8 de febrero de 1861... anotada y concordada... y aumentada con varios apéndices... / _cpor D. Luis Moreno y Gil de Borja. |
| 250 | _a3ª ed. | ||
| 260 |
_aMadrid : _bAdministración, _c1879 ( _fImp. de E. de la Riva) |
||
| 300 |
_a676 p. ; _c22 cm. |
||
| 530 | _aDisponible en formato digital. | ||
| 650 | 4 |
_aHipotecas- _zEspaña- _vLegislación. _913366 |
|
| 700 | 1 |
_aMoreno y Gil de Borja, Luis, _cMarqués de Borja, _d1855-1917 _9172546 |
|
| 852 |
_aES-MaACL _jB-1021 _z- Enc. hol. |
||
| 856 |
_uhttp://bdh-rd.bne.es/viewer.vm?id=0000051353&page=1 _zBiblioteca Digital Hispánica |
||
| 999 |
_c153785 _d153785 |
||